| 000 | 00856cad a22001935a 4500 | ||
|---|---|---|---|
| 001 | L151898 | ||
| 008 | 101217s2010 xxk f 000 0 eng d | ||
| 035 | _a(Sirsi) u151898 | ||
| 041 | 0 | _aeng | |
| 110 | 2 |
_aGreater London Authority _95818 |
|
| 245 | 0 | 0 |
_aFire safety in London _bfire risks in London's tall and timber framed buildings _h[electronic resource] |
| 260 |
_aLondon _bGLA _c2010 |
||
| 520 | _aPractical recommendations to ensure that the regulations and practices that guide construction of residential properties in London are sufficiently robust and effectively enforced. | ||
| 590 | _aKA NTK | ||
| 651 | 4 | _aLondon | |
| 690 | _aBUILT ENVIRONMENT-BUILDING STANDARDS-FIRE REGULATIONS | ||
| 856 | 4 | 0 |
_uhttps://www.london.gov.uk/sites/default/files/Final%20Draft%20Report.pdf _zView the website free of charge at www.london.gov.uk |
| 942 | _n0 | ||
| 999 |
_c111717 _d111717 |
||